Diaspora-Africa - Statistics

General Stats
  • This quiz has been taken 297 times
  • The average score is 47 of 57
Answer Stats
Number of immigrants Continent Country % Correct
46.350.467 North America United States of America
100%
55.900.000 South America Brazil
99%
1.198.540 North America Canada
98%
1.386.556 North America Mexico
97%
4.944.400 South America Colombia
96%
1.126.894 North America Cuba
96%
5.500.000 Europe France
96%
2.497.373 Europe United Kingdom
96%
10.117.378 North America Haiti
95%
3.156.817 South America Venezuela
94%
1.045.120 Europe Spain
93%
2.731.419 North America Jamaica
92%
1.138.471 North America Dominican Republic
91%
1.100.000 Europe Italy
91%
1.200.000 South America Peru
91%
817.150 Europe Germany
90%
200.406 South America Suriname
89%
380.000 Oceania Australia
88%
200.000 Asia China
88%
225.860 South America Guyana
88%
40.000 Asia/ Europe Russia
88%
680.000 South America Ecuador
87%
100.000 Asia/ Europe Turkey
87%
40.000 Asia India
86%
201.200 Europe Portugal
86%
100.000 North America Guatemala
85%
115.000 Europe Sweden
85%
209.000 North America the Bahamas
85%
507.000 Europe the Netherlands
85%
520.726 North America Nicaragua
84%
10.000 Asia Japan
83%
460.977 North America Panama
83%
452.536 North America Trinidad and Tobago
83%
300.000 Europe Belgium
82%
54.539 South America Bolivia
82%
125.877 North America Costa Rica
82%
152.787 North America Honduras
82%
256.706 North America Barbados
81%
222.215 South America Paraguay
81%
61.882 North America Dominica
80%
93.394 North America Belize
79%
67.000 Europe Norway
79%
142.629 North America Saint Lucia
79%
38.827 North America Saint Kitts and Nevis
78%
14.464 Oceania New Zealand
77%
45.000 Europe Ireland
75%
50.000 Europe Finland
73%
101.309 North America Grenada
73%
100.667 North America Saint Vincent and the Grenadines
73%
57.000 Europe Switzerland
73%
200.000 Asia Israel
64%
10.000 Asia Pakistan
62%
500.000 Asia Iraq
57%
75.000 Europe Romania
50%
60.000 Asia Jordan
44%
31.904 Asia Malaysia
43%
6.500 Europe Hungary
42%
No matching quizzes found
Score Distribution
Percent of People with Each Score
Percentile by Number Answered
Your Score History
You have not taken this quiz